K nárastu etnocentrizmu v členských štátoch Európskej únie
Skúmanie do akej miery etnocentrizmus súvisí so súčasnou situáciou, či zaznamenaný nárast rasistického, xenofóbneho a extrémistického diskurzu v Európskej únii súvisí s etnocentrizmom. Predpokladané dôvody nárastu etnocentrizmu a ich identifikácia v členských štátoch Európskej únie.
Enregistré dans:
| Auteur principal: | |
|---|---|
| Format: | Chapitre de livre |
| Langue: | slovaque |
| Sujets: | |
| Tags: |
Pas de tags, Soyez le premier à ajouter un tag!
|
MARC
| LEADER | 00000nla a2200000 4500 | ||
|---|---|---|---|
| 001 | 0213471 | ||
| 005 | 20240502073547.2 | ||
| 041 | 0 | |a slo | |
| 044 | |a SK | ||
| 245 | 1 | 0 | |a K nárastu etnocentrizmu v členských štátoch Európskej únie |c Zuzana Krkošková |
| 520 | |a Skúmanie do akej miery etnocentrizmus súvisí so súčasnou situáciou, či zaznamenaný nárast rasistického, xenofóbneho a extrémistického diskurzu v Európskej únii súvisí s etnocentrizmom. Predpokladané dôvody nárastu etnocentrizmu a ich identifikácia v členských štátoch Európskej únie. | ||
| 610 | 2 | 0 | |a Európska únia |
| 610 | 2 | 0 | |a vzťahy interkultúrne |
| 610 | 2 | 0 | |a civilizácia |
| 610 | 2 | 0 | |a kultúra |
| 610 | 2 | 0 | |a náboženstvo |
| 610 | 2 | 0 | |a postoje |
| 610 | 2 | 0 | |a tolerancia |
| 610 | 2 | 0 | |a rasizmus |
| 610 | 2 | 0 | |a ideológia |
| 100 | 1 | |a Krkošková, Zuzana | |